Online
Catalog

La Oda a la Música : (Record no. 39480)

MARC details
000 -CABECERA
campo de control de longitud fija 00636nam a2200157 a 4500
001 - NÚMERO DE CONTROL
campo de control 000039990
005 - FECHA Y HORA DE LA ÚLTIMA TRANSACCIÓN
campo de control 20201002033842.0
008 - DATOS DE LONGITUD FIJA--INFORMACIÓN GENERAL
campo de control de longitud fija 130802s2010 mx 000 0 spa d
020 ## - NÚMERO INTERNACIONAL ESTÁNDAR DEL LIBRO
Número Internacional Estándar del Libro 9786070220395
040 ## - FUENTE DE LA CATALOGACIÓN
Centro catalogador/agencia de origen DO-SdBNP
100 1# - ENTRADA PRINCIPAL--NOMBRE DE PERSONA
Nombre de persona Caso, Antonio
9 (RLIN) 41112
245 13 - MENCIÓN DE TÍTULO
Título La Oda a la Música :
Resto del título discurso de ingreso a la Academia Mexicana de la Lengua, 4 de enerode 1921 /
Mención de responsabilidad, etc. Antonio Caso ; respuesta de José López Portillo y Roja.
260 ## - PUBLICACIÓN, DISTRIBUCIÓN, ETC.
Lugar de publicación, distribución, etc. México :
Nombre del editor, distribuidor, etc. Dirección General de Publicaciones y Fomento Editorial :
-- Academia Mexicana de la Lengua,
Fecha de publicación, distribución, etc. 2010.
300 ## - DESCRIPCIÓN FÍSICA
Extensión 62 p. ;
Dimensiones 18 cm.
700 1# - PUNTO DE ACCESO ADICIONAL--NOMBRE DE PERSONA
Nombre de persona Portillo y Roja, José López
9 (RLIN) 66216
Holdings
Estado de retiro Estado de pérdida Restricciones de uso No para préstamo Código de colección Localización permanente Ubicación/localización actual Ubicación en estantería Fecha de adquisición Número de inventario Total de préstamos Signatura topográfica completa Código de barras Fecha visto por última vez Número de copia Precio válido a partir de Tipo de ítem Koha
      Excluido de préstamo Monografías: Libros y Folletos General General En catalogación 02.08.2013 LF1   39990-10 25.06.2020 e. 2 25.06.2020 No se presta
    Préstamo interno   Monografías: Libros y Folletos General General En catalogación 02.08.2013 LF1   39990-20 25.06.2020 e. 3 25.06.2020 Préstamo interno
      Excluido de préstamo Monografías: Libros y Folletos General General En catalogación 02.08.2013 LF1   39990-30 25.06.2020   25.06.2020 No se presta

Powered by Koha